000 00693nas a2200241 4500
001 BR4800073
003 BR-BrBNA
005 20231205081857.0
007 ta
008 230509b bl.|||p| |||| 00| 00por d
040 _aBR-BrBNA
_bpor
_cBiblioteca Nacional de Agricultura
041 _a(Pt)
072 _aE15
100 1 _aBelda Filho, J.
245 1 _aA terminologia na escrita contabil [Cooperativa]
_bpt. 3
650 _aMicroeconomia
650 _aCapital
650 _aCooperativa
650 _aContabilidade
773 0 _tBoletim Sul-Coop. Cooperativismo (Brazil)
_x
_g(Feb 1948), v. 3(11) p. 13-14
_wBR4800073
909 _a202311
_bLúcia
_c55
_dLúcia Elande
942 _2AGRIS
_n0
_cANA
999 _c87504
_d87504